Viac miesta pre plyn
O problematike a využívaní zemného plynu (CNG) v doprave, v rozhovore s Ing. Ľubomírom Blaškom, MBA, vedúcim útvaru predaja CNG v spoločnosti Slovenský plynárenský priemysel (SPP), a. s.
Enregistré dans:
| Auteur principal: | |
|---|---|
| Autres auteurs: | |
| Format: | Chapitre de livre |
| Langue: | slovaque |
| Sujets: | |
| Tags: |
Pas de tags, Soyez le premier à ajouter un tag!
|
MARC
| LEADER | 00000naa a2200000 4500 | ||
|---|---|---|---|
| 001 | 0168601 | ||
| 005 | 20231011123313.9 | ||
| 041 | 0 | |a slo | |
| 044 | |a SK | ||
| 245 | 1 | 0 | |a Viac miesta pre plyn |c Marián Hudec |
| 520 | |a O problematike a využívaní zemného plynu (CNG) v doprave, v rozhovore s Ing. Ľubomírom Blaškom, MBA, vedúcim útvaru predaja CNG v spoločnosti Slovenský plynárenský priemysel (SPP), a. s. | ||
| 610 | 2 | 0 | |a doprava |
| 610 | 2 | 0 | |a doprava autobusová |
| 610 | 2 | 0 | |a doprava hromadná mestská |
| 610 | 2 | 0 | |a plyn zemný |
| 610 | 2 | 0 | |a využitie zdrojov prírodných |
| 610 | 2 | 0 | |a ekonomika ekologická |
| 100 | 1 | |a Hudec, Marián | |
| 700 | 1 | |a Blaško, Ľubomír | |